000
00190 a2200097 4500
020
_a
9780439051545
041
_a
eng
100
_a
DAVID SHANNON
245
_a
DAVID GETS IN TROUBLE
942
_c
BK
999
_c
1598
_d
1598